000 00427pab a2200157 454500
008 180718b2007 xxu||||| |||| 00| 0 eng d
100 _aFeliz, Mariano
245 _aA note on Argentina, its crisis, and the theory of exchange rate determination
260 _c2007
300 _ap.80-99.
362 _aWinter
650 _aExchange rates
773 _aReview of Radical Political Economics
908 _aN
909 _a74617
999 _c74617
_d74617